<?xml version="1.0" encoding="UTF-8"?>
<record
    xmlns:xsi="http://www.w3.org/2001/XMLSchema-instance"
    xsi:schemaLocation="http://www.loc.gov/MARC21/slim http://www.loc.gov/standards/marcxml/schema/MARC21slim.xsd"
    xmlns="http://www.loc.gov/MARC21/slim">

  <leader>00667nam a2200217 a 4500</leader>
  <controlfield tag="001">4952</controlfield>
  <controlfield tag="003">CDMR</controlfield>
  <controlfield tag="005">20141103162401.0</controlfield>
  <controlfield tag="008">130130s1997||||||||||||||||||||||||||||d</controlfield>
  <datafield tag="020" ind1=" " ind2=" ">
    <subfield code="a">8476098154</subfield>
  </datafield>
  <datafield tag="040" ind1=" " ind2=" ">
    <subfield code="a">CDMR</subfield>
    <subfield code="b">cat</subfield>
    <subfield code="c">CDMR</subfield>
  </datafield>
  <datafield tag="100" ind1="1" ind2=" ">
    <subfield code="9">2992</subfield>
    <subfield code="a">Cadena, Josep M.</subfield>
    <subfield code="d">1935-</subfield>
    <subfield code="q">(Josep Maria)</subfield>
  </datafield>
  <datafield tag="245" ind1="1" ind2="0">
    <subfield code="a">Josep M. Cadena, Josep Pernau</subfield>
    <subfield code="c">conversa transcrita per Xavier Febr&#xE9;s</subfield>
  </datafield>
  <datafield tag="260" ind1=" " ind2=" ">
    <subfield code="a">Barcelona</subfield>
    <subfield code="c">1997</subfield>
    <subfield code="b">Ajuntament de Barcelona</subfield>
  </datafield>
  <datafield tag="300" ind1=" " ind2=" ">
    <subfield code="a">103p ;</subfield>
    <subfield code="c">18 cm</subfield>
  </datafield>
  <datafield tag="490" ind1="0" ind2=" ">
    <subfield code="a">Di&#xE0;legs a Barcelona</subfield>
    <subfield code="v">55</subfield>
  </datafield>
  <datafield tag="650" ind1="0" ind2="4">
    <subfield code="a">Periodistes catalans</subfield>
    <subfield code="v">Intervius</subfield>
    <subfield code="9">3133</subfield>
  </datafield>
  <datafield tag="700" ind1="1" ind2=" ">
    <subfield code="a">Febr&#xE9;s, Xavier</subfield>
    <subfield code="e">transcrip.</subfield>
    <subfield code="9">1324</subfield>
  </datafield>
  <datafield tag="700" ind1="1" ind2=" ">
    <subfield code="a">Pernau, Josep</subfield>
    <subfield code="9">544</subfield>
  </datafield>
  <datafield tag="942" ind1=" " ind2=" ">
    <subfield code="c">MON</subfield>
    <subfield code="2">udc</subfield>
  </datafield>
  <datafield tag="999" ind1=" " ind2=" ">
    <subfield code="c">4952</subfield>
    <subfield code="d">4952</subfield>
  </datafield>
  <datafield tag="952" ind1=" " ind2=" ">
    <subfield code="0">0</subfield>
    <subfield code="1">0</subfield>
    <subfield code="4">0</subfield>
    <subfield code="7">0</subfield>
    <subfield code="a">CDMR</subfield>
    <subfield code="b">CDMR</subfield>
    <subfield code="d">2013-01-16</subfield>
    <subfield code="l">0</subfield>
    <subfield code="o">Du 3/8</subfield>
    <subfield code="p">CDMR131082317</subfield>
    <subfield code="r">2013-01-16</subfield>
    <subfield code="w">2013-01-16</subfield>
    <subfield code="y">MON</subfield>
  </datafield>
</record>
